书目信息 |
| 题名: |
新唐书 五
|
|
| 作者: | 欧阳修 , 宋祁 撰 | |
| 分册: | ||
| 出版信息: | 北京 中华书局 |
|
| 页数: | ||
| 开本: | 32开 | |
| 丛书名: | ||
| 单 册: | ||
| 中图分类: | K242.042 | |
| 科图分类: | ||
| 主题词: | 中国--历史 | |
| 电子资源: | ||
| ISBN: | ||
| 000 | 00517nam0 2200193 45 | |
| 001 | 0103270980 | |
| 005 | 20010327093713.5 | |
| 100 | @a20010327d km y0chiy0120 ea | |
| 101 | 0 | @achi |
| 105 | @a z 000yy | |
| 200 | 1 | @a新唐书 五@AXin Tang Shu Wu@f(宋)欧阳修,宋祁撰@F(Song)Ou Yang Xiu,Song Qi Zhuan |
| 210 | @a北京@c中华书局 | |
| 215 | @d32开 | |
| 606 | 0 | @a中国@x历史 |
| 690 | @aK242.042@v3 | |
| 701 | 0 | @a欧阳修@4撰 |
| 701 | 0 | @a宋祁@4撰 |
| 801 | @aCN@bPftUser@c20010327 | |
| 905 | @dK242.042@eO903:5@b332533@f1 | |
| 新唐书 五/(宋)欧阳修,宋祁撰.-北京:中华书局 |
| 32开 |
| ISBN : |
| ● |
| 相关链接 |
|
|
|
正题名:新唐书五
索取号:K242.042/O903:5
 
预约/预借
| 序号 | 登录号 | 条形码 | 馆藏地/架位号 | 状态 | 备注 |
| 1 | 332533 | 203325339 | 自科二线404/309社科库 38排5列3层/ [索取号:K242.042/O903:5] | 在馆 |